| 000 | 01066nam2a2200289 4500 | ||
|---|---|---|---|
| 001 | pb00000104 | ||
| 005 | 20250613213110.0 | ||
| 035 | _a(NLR Aleph) 010161077 | ||
| 090 |
_a10101206 _c10101206 |
||
| 100 | _a20100719d1902 |||y0rusy50 ca | ||
| 101 | 0 | _arus | |
| 102 | _aRU | ||
| 105 | _aac z 001zy | ||
| 200 | 1 | _a1902 Т.7, № 1-2 | |
| 210 |
_d1902 _aБ. м. |
||
| 300 | _aТакже м/ф | ||
| 320 | _aСводное содерж. Т.7 в № 1 | ||
| 325 | _aКопия доступна в Электрон. б-ке РНБ http://vivaldi.nlr.ru/pm000020390/view | ||
| 461 | 0 |
_1001RU\NLR\INFOCOMM33\1000075781 _12001#$aМир искусства$v1902 Т.7, № 1-2 _92860111 _cСПб. _d1899-1904 _tМир искусства _v1902 Т.7, № 1-2 |
|
| 801 | 0 |
_aRU _bNLR _c20100719 _gpsbo |
|
| 801 | 1 |
_aRU _bNLR _c20100719 _2rusmarc |
|
| 801 | 3 |
_aRU _bRusAr _c20100719 _2rusmarc |
|
| 852 |
_aNLR _j1/258-1низ |
||
| 942 | _cISSUE | ||
| 980 | _aNB | ||
| 981 | 2 | 7 |
_a(27) Периодические издания _b(27) Журналы |